The All England Law Reports 1895-1899 : (Record no. 798)

MARC details
000 -LEADER
fixed length control field 00451nam a22001337a 4500
008 - FIXED-LENGTH DATA ELEMENTS--GENERAL INFORMATION
fixed length control field 110502t xxu||||| |||| 00| 0 eng d
082 ## - DEWEY DECIMAL CLASSIFICATION NUMBER
Classification number 348.041 ALL
100 ## - MAIN ENTRY--PERSONAL NAME
Personal name Bridgman, G. F. L.
9 (RLIN) 2146
245 ## - TITLE STATEMENT
Title The All England Law Reports 1895-1899 :
260 ## - PUBLICATION, DISTRIBUTION, ETC. (IMPRINT)
Place of publication, distribution, etc London :
Name of publisher, distributor, etc Butterworth & Co.
Date of publication, distribution, etc 1963.
300 ## - PHYSICAL DESCRIPTION
Extent v ;
Dimensions 24 cm.
942 ## - ADDED ENTRY ELEMENTS (KOHA)
Source of classification or shelving scheme Dewey Decimal Classification
Item type Books
Holdings
Withdrawn status Lost status Source of classification or shelving scheme Damaged status Not for loan Home library Current library Shelving location Date acquired Total Checkouts Full call number Barcode Date last seen Price effective from Koha item type
    Dewey Decimal Classification     Law Development Centre Main Library Law Development Centre Main Library Law Reports 05/02/2011   348.041 ALL 2011/23 05/02/2011 05/02/2011 Books